La doctrina de la "guerra justa" en el pensamiento de John Rawls

Detalles Bibliográficos
Autor principal: Garrǹ Martn̕ez, Jos ̌Mara̕
Formato: eBook
Lenguaje:español
Publicado: Madrid: Dykinson, 2014
Materias:
Acceso en línea:Acceso restringido

MARC

LEADER 00000nam a22000007a 4500
005 2014072409249.0
007 cr|||| ||||
008 140724s2014 es |||||s|||| 00||0 spa d
020 |a 978-84-9031-962-8 
035 |a 12335 
040 |a vLex 
090 |c 5111  |d 5111 
100 1 |a Garrǹ Martn̕ez, Jos ̌Mara̕ 
245 1 3 |a La doctrina de la "guerra justa" en el pensamiento de John Rawls  |h [Recurso electrn̤ico] /  |c Jos ̌Mara̕ Garrǹ Martn̕ez 
256 |a Servicio en ln̕ea 
260 |a Madrid:  |b Dykinson,  |c 2014 
300 |a 1 recurso electrn̤ico 
506 1 |a Disponible solo en los productos indicados  |d vLex Global  |d vLex Global (Academic Edition, excluding Law Schools)  |d vLex Global (U.S. Academic Edition, Law Schools)  |d vLex Global (U.S. Academic Edition, excluding Law Schools)  |d vLex Global (Academic Edition, Law Schools) 
650 0 4 |a Ciencias Sociales  |z Espaą 
740 0 |a vLex Libros (Servicio en ln̕ea) 
856 4 0 |u http://vlex.com/source/doctrina-guerra-justa-pensamiento-john-rawls-12335  |z Acceso restringido 
942 |c BOOK 
999 0 |a Social Sciences